010950000a22002530004500090001400000245008700014650002000101650002400121650002700145650003100172650003200203650003900235651002100274653001500295653001500310653001100325041001400336100004000350942001300390773007300403999001700476952017400493952017400667 aARb0313210aEspecies argentinas de los géneros Psychotria, Palicourea y Rudgea ()14aBotánica936114aVegetación99279914aNuevas especies99290514aTaxonomía vegetal99226214aMorfología vegetal91829514aInventarios de vegetación993148 4pArgentina992749 gPsychotria gPalicourea gRudgea0 aEspañol1 aBacigalupo, Nélida María996735 cARTICULO1 tDarwiniana: Revista de Botánica Darwinion3307h1q31-64d1952g10 c12187d12187 001040718HEMEROTECAaBogotabBogotad2015-02-27ePrieto, AdrianahFuera de circulaciónl0oAR 03132p013537r2015-03-25 00:00:00t2w2015-03-25xEntregadoyARTICULO 001040718HEMEROTECAaBogotabBogotad2015-02-27ePrieto, AdrianahFuera de circulaciónl0oAR 03132p013943r2015-03-25 00:00:00t1w2015-03-25xEntregadoyARTICULO